00309nam a22001217a 450000500170000002000190001703500120003603700130004810000210006124500600008226000260014230000190016820120607131351.0 a8186982728c00 aB-11494 aDPLbENG aThakur, Janardan aPrime ministers Nehru to Vajpayee /cby Janardan Thakur aMumbaibEeshwarc1999 a456p.c18 cms.